American security policy in Asia / (Record no. 190542)

000 -LEADER
fixed length control field 00889 a2200241 4500
003 - CONTROL NUMBER IDENTIFIER
control field Nust
005 - DATE AND TIME OF LATEST TRANSACTION
control field 20230301140636.0
010 ## - LIBRARY OF CONGRESS CONTROL NUMBER
LC control number 78301969
020 ## - INTERNATIONAL STANDARD BOOK NUMBER
International Standard Book Number 0860790096 :
040 ## - CATALOGING SOURCE
Transcribing agency Nust
082 00 - DEWEY DECIMAL CLASSIFICATION NUMBER
Classification number 327.933,GRA
100 1# - MAIN ENTRY--PERSONAL NAME
Personal name Brown, Leslie H.
9 (RLIN) 109689
245 10 - TITLE STATEMENT
Title American security policy in Asia /
Statement of responsibility, etc. by Leslie H. Brown.
260 ## - PUBLICATION, DISTRIBUTION, ETC.
Place of publication, distribution, etc. London :
Name of publisher, distributor, etc. International Institute for Strategic Studies,
Date of publication, distribution, etc. c1977.
300 ## - PHYSICAL DESCRIPTION
Extent 35 p. ;
Dimensions 25 cm.
440 #0 - SERIES STATEMENT/ADDED ENTRY--TITLE
Title Adelphi papers ;
Volume/sequential designation no. 132
9 (RLIN) 106259
505 ## - FORMATTED CONTENTS NOTE
Formatted contents note Policy Constraint (Page-3), America Strategy For Asia (Page-5), American Interests (Page-9), Future Policy Choices (Page-24), Conclusion (Page-36).
650 #0 - SUBJECT ADDED ENTRY--TOPICAL TERM
Topical term or geographic name entry element National security
Geographic subdivision United States.
9 (RLIN) 7976
651 #0 - SUBJECT ADDED ENTRY--GEOGRAPHIC NAME
Geographic name Asia
General subdivision Relations
Geographic subdivision United States.
9 (RLIN) 109354
651 #0 - SUBJECT ADDED ENTRY--GEOGRAPHIC NAME
Geographic name United States
General subdivision Military policy.
651 #0 - SUBJECT ADDED ENTRY--GEOGRAPHIC NAME
Geographic name United States
General subdivision Relations
Geographic subdivision Asia.
9 (RLIN) 109353
942 ## - ADDED ENTRY ELEMENTS (KOHA)
Source of classification or shelving scheme
Koha item type Book
Holdings
Withdrawn status Lost status Source of classification or shelving scheme Damaged status Not for loan Permanent Location Current Location Shelving location Date acquired Full call number Barcode Date last seen Price effective from Koha item type Public note Total Checkouts
          Military College of Signals (MCS) Military College of Signals (MCS) General Stacks 12/12/2016 327.933,BRO MCS21905 12/08/2016 12/12/2016 Book Almirah No.75, Shelf No.5  
          Military College of Signals (MCS) Military College of Signals (MCS) General Stacks 03/01/2023 327.933,GRA MCS21986 03/01/2023 03/01/2023 Book Almirah No.75, Shelf No.5  
© 2023 Central Library, National University of Sciences and Technology. All Rights Reserved.